MyGZULibrary

Numeracy for teaching / (Record no. 3410)

MARC details
000 -LEADER
fixed length control field 01388cam a2200361 a 4500
001 - CONTROL NUMBER
control field 12728462
003 - CONTROL NUMBER IDENTIFIER
control field GZU
005 - DATE AND TIME OF LATEST TRANSACTION
control field 20201127091329.0
008 - FIXED-LENGTH DATA ELEMENTS--GENERAL INFORMATION
fixed length control field 020403s2001 enka b 000 0 eng
010 ## - LIBRARY OF CONGRESS CONTROL NUMBER
LC control number 2001132901
015 ## - NATIONAL BIBLIOGRAPHY NUMBER
National bibliography number GBA1-V7932
020 ## - INTERNATIONAL STANDARD BOOK NUMBER
International Standard Book Number 0761974601
020 ## - INTERNATIONAL STANDARD BOOK NUMBER
International Standard Book Number 076197461X (pbk.)
035 ## - SYSTEM CONTROL NUMBER
System control number (OCoLC)ocm47900789
040 ## - CATALOGING SOURCE
Original cataloging agency UKM
Transcribing agency UKM
Modifying agency TXA
-- DLC
042 ## - AUTHENTICATION CODE
Authentication code lccopycat
043 ## - GEOGRAPHIC AREA CODE
Geographic area code e-uk-en
050 00 - LIBRARY OF CONGRESS CALL NUMBER
Classification number QA135.6
Item number .H393 2001
082 00 - DEWEY DECIMAL CLASSIFICATION NUMBER
Classification number 372.7/2/0942
Edition number 21
100 1# - MAIN ENTRY--PERSONAL NAME
Personal name Haylock, Derek.
245 10 - TITLE STATEMENT
Title Numeracy for teaching /
Statement of responsibility, etc. Derek Haylock.
260 ## - PUBLICATION, DISTRIBUTION, ETC.
Place of publication, distribution, etc. London :
Name of publisher, distributor, etc. Paul Chapman ;
Place of publication, distribution, etc. Thousand Oaks, Calif. :
Name of publisher, distributor, etc. Sage Publications,
Date of publication, distribution, etc. 2001.
300 ## - PHYSICAL DESCRIPTION
Extent xiv, 268 p. :
Other physical details ill. ;
Dimensions 26 cm.
504 ## - BIBLIOGRAPHY, ETC. NOTE
Bibliography, etc. note Includes bibliographical references.
650 #0 - SUBJECT ADDED ENTRY--TOPICAL TERM
Topical term or geographic name entry element Numeracy
General subdivision Study and teaching (Elementary)
Geographic subdivision England.
650 #0 - SUBJECT ADDED ENTRY--TOPICAL TERM
Topical term or geographic name entry element Numeracy
Form subdivision Problems, exercises, etc.
856 42 - ELECTRONIC LOCATION AND ACCESS
Materials specified Publisher description
Uniform Resource Identifier <a href="http://www.loc.gov/catdir/enhancements/fy0657/2001132901-d.html">http://www.loc.gov/catdir/enhancements/fy0657/2001132901-d.html</a>
856 41 - ELECTRONIC LOCATION AND ACCESS
Materials specified Table of contents only
Uniform Resource Identifier <a href="http://www.loc.gov/catdir/enhancements/fy0657/2001132901-t.html">http://www.loc.gov/catdir/enhancements/fy0657/2001132901-t.html</a>
856 42 - ELECTRONIC LOCATION AND ACCESS
Materials specified Contributor biographical information
Uniform Resource Identifier <a href="http://www.loc.gov/catdir/enhancements/fy1008/2001132901-b.html">http://www.loc.gov/catdir/enhancements/fy1008/2001132901-b.html</a>
906 ## - LOCAL DATA ELEMENT F, LDF (RLIN)
a 7
b cbc
c copycat
d 2
e ncip
f 20
g y-gencatlg
942 ## - ADDED ENTRY ELEMENTS (KOHA)
Source of classification or shelving scheme Library of Congress Classification
Koha item type Books
Classification part 11
Item part HAY
Call number prefix QA
Holdings
Withdrawn status Lost status Damaged status Not for loan Collection code Home library Current library Shelving location Date acquired Total Checkouts Full call number Barcode Date last seen Copy number Price effective from Koha item type
        Non-fiction City Campus Library City Campus Library General Stacks 11/27/2020   QA 11 HAY g19861 11/27/2020 C.1 11/27/2020 Books